Southville International School and Colleges
Your cart is empty.
  • Cart
  • Lists
    Public lists Eva Luna New books Lux_list list_1
    Your lists Log in to create your own lists
  • Log in to your account
  • Your cookies
  • Search history
Southville International School and Colleges
  • Advanced search
  • Recent comments
  • Most popular
  • Libraries

Log in to your account

Log in with GOOGLE


If you do not have an external account, but do have a local account, you can still log in:

  1. Home
  2. MARC view: Comprehensive agrarian reform law annotated /
Normal view MARC view ISBD view

Comprehensive agrarian reform law annotated / (Record no. 291548)

[ view plain ]
MARC details
000 -LEADER
fixed length control field 00628nam a2200217Ia 4500
008 - FIXED-LENGTH DATA ELEMENTS--GENERAL INFORMATION
fixed length control field 160319s9999 xx 000 0 und d
020 ## - INTERNATIONAL STANDARD BOOK NUMBER
International Standard Book Number 971-691-308-7
050 ## - LIBRARY OF CONGRESS CALL NUMBER
Classification number FIL KPM 988
050 ## - LIBRARY OF CONGRESS CALL NUMBER
Item number .R63 2004
100 ## - MAIN ENTRY--PERSONAL NAME
Personal name Rodriguez, Rufus B.
245 ## - TITLE STATEMENT
Title Comprehensive agrarian reform law annotated /
245 ## - TITLE STATEMENT
Statement of responsibility, etc Rufus B. Rodriguez.
260 ## - PUBLICATION, DISTRIBUTION, ETC. (IMPRINT)
Place of publication, distribution, etc Quezon City:
260 ## - PUBLICATION, DISTRIBUTION, ETC. (IMPRINT)
Name of publisher, distributor, etc Central Professional Books, Inc.,
260 ## - PUBLICATION, DISTRIBUTION, ETC. (IMPRINT)
Date of publication, distribution, etc 2004
300 ## - PHYSICAL DESCRIPTION
Extent 350 pages :
300 ## - PHYSICAL DESCRIPTION
Other physical details illustrations ;
300 ## - PHYSICAL DESCRIPTION
Dimensions 23 cm.
650 ## - SUBJECT ADDED ENTRY--TOPICAL TERM
Topical term or geographic name as entry element Land reform -- Law and legislation -- Philippines.
650 ## - SUBJECT ADDED ENTRY--TOPICAL TERM
General subdivision Philippines, Republic Act 6657.
Holdings
Withdrawn status Lost status Damaged status Home library Current library Shelving location Date acquired Cost, normal purchase price Total Checkouts Full call number Barcode Date last seen Price effective from Koha item type
      South Mansfield College South Mansfield College Filipiniana Section 03/07/2005 365.00   FIL KPM 988 .R63 2004 SMC00386 03/19/2016 03/19/2016  

Comprehensive agrarian reform law annotated /

APA

Rodriguez R. B., .Comprehensive agrarian reform law annotated. Quezon City: .

Chicago

Rodriguez Rufus B, .Comprehensive agrarian reform law annotated. Quezon City: .

Harvard

Rodriguez R. B., .Comprehensive agrarian reform law annotated. Quezon City: .

MLA

Rodriguez Rufus B, .Quezon City: . .

  • Place hold
  • Print
  • Cite
  • Add to your cart (remove)
  • Save record
    BIBTEX Dublin Core MARCXML MARC (non-Unicode/MARC-8) MARC (Unicode/UTF-8) MARC (Unicode/UTF-8, Standard) MODS (XML) RIS
  • More searches
    Search for this title in:
    Other Libraries (WorldCat) Other Databases (Google Scholar) Online Stores (Bookfinder.com) Open Library (openlibrary.org)

Exporting to Dublin Core...

SOUTHVILLE LIBRARY

Southville International School and Colleges Library

1281 Tropical Ave. Cor. Luxembourg St., BF Homes International, Las Pinas City

Tel. No. 8256374 / 252358 Loc. 117/146

Powered by Koha